000 00538nam a2200181Ia 4500
008 151202s9999||||xx |||||||||||||| ||und||
082 _bPNVM-56717
100 _aमुजावर बशीर.
245 _aगूढ कथा.
260 _b"साहेबजी प्रकाशन,पिंपरी."
260 _c0
300 _a123
600 _aमुजावर बशीर.
630 _aगूढ कथा.
700 _aमुजावर बशीर.
730 _aगूढ कथा.
942 _cBOOK
999 _c1323255
_d1323252